000 00301nam a22001337a 4500
008 170728b xxu||||| |||| 00| 0 eng d
020 _a9780201353945
041 _aeng
080 _a004
100 _a31
101 _aSHK
245 _aNON-DESIGNER'S SCAN AND PRINT BOOK
_cCOHEN,S
942 _2udc
_cBK
999 _c22123
_d22123